000 02153cam a2200301 i 4500
001 20275838
005 20260428163737.0
008 180111s2018 enk b 001 0 eng d
020 _a9780198758457 (hbk)
082 0 4 _a346.048 DRE
245 0 4 _aThe Oxford handbook of intellectual property law /
_cedited by Rochelle C. Dreyfuss and Justine Pila
250 _a1st ed.
264 1 _aUnited Kingdom ;
_bOxford University Press,
_c2018.
300 _axii, 1010 p. ;
_c26 cm.
365 _bRs. 26414.00
490 1 _aOxford handbooks
505 0 0 _gPart I. Introduction -- Part II. Social and normative foundations -- Part III. Emergence and development -- Part IV. Rights -- Part V. The political economy of intellectual property.
520 _aThis Handbook examines intellectual property (IP) law at a particular point in time. It takes a theoretical approach to IP, viewing IP rights though a variety of lenses; for example, IP as a public interest mechanism, the impact of the Internet on IP, and how IP relates to human rights, climate change, and public health. It considers issues of IP licensing and cross-border IP enforcement, remedies for the infringement of IP rights, the interplay between user innovation and patent doctrine, how IP limits competition law, and the possibility of privately ordering the use of IP. Some chapters discuss the emergence and development of IP regimes in different jurisdictions and regions throughout the world, including South America, Western Europe, United States, the Middle East, and Africa. The book also explores patent law, copyright, trademarks and geographical indications, design rights, rights in data and information, and overlaps among these rights.
650 0 _aIntellectual property.
650 0 _aIntellectual property (International law)
650 7 _aIntellectual property.
_2fast
_0(OCoLC)fst00975774
650 7 _aIntellectual property (International law)
_2fast
_0(OCoLC)fst00975795
650 7 _a86.70 competition law.
_2nbc
_0(NL-LeOCL)077608321
700 1 _aDreyfuss, Rochelle Cooper
700 1 _aPila, Justine
830 0 _aOxford handbooks.
942 _2ddc
_cBK
999 _c217951
_d217951